00523 2200205 4500001002100000005001500021035002000036007000300056008004100059020001800100082000800118084001400126100001300140245005700153250001000210260004000220300003000260650001700290990001000307INLIS00000000000543320200302092756 a0010-0320000001ta200302 d f ind  a9789791140997 a813 a813 ITO r0 aITO, E.S1 aRahasia Meede :bMisteri Harta Karun VOC /cE.S. ITO aCet.3 aBandung :bMizan Media Utama,c2008 a675hlm :bilus ;c13x20cm 4aNovel, Fiksi a14530